LEADER 02537oam 2200565 c 450 001 9910563061403321 005 20250722160157.0 024 7 $a10.3726/b12578 035 $a(CKB)4340000000238888 035 $a(oapen)https://directory.doabooks.org/handle/20.500.12854/35236 035 $a(PH02)9783954790708 035 $a(oapen)doab35236 035 $a(EXLCZ)994340000000238888 100 $a20240525d1998 uy 0 101 0 $ager 135 $aurnnunnnannuu 181 $ctxt$2rdacontent 182 $cc$2rdamedia 183 $acr$2rdacarrier 200 14$aDer metafiktionale Roman$eUntersuchungen zur Prosa Konstantin Vaginovs$fChristine Bohnet 205 $a1st, New ed. 210 $aFrankfurt a.M$cPH02$d1998 215 $a1 online resource (293 p.)$c, EPDF 225 0 $aSlavistische Beitra?ge$v356 300 $aPeter Lang GmbH, Internationaler Verlag der Wissenschaften 311 08$a3-95479-070-X 327 $aKOZLINAJA P ESN DER METAMORPHOTISCHE ROMAN. META-LYRIK ODER META-FIKTION? Das Material der Dichtung: das poetische Wort - Schaffens- und Scho?pferthematik (Schreibertypen) -Anfang und Ende oder Tod und Leben. Der Meta-Roman - TRUDY I DNI SVISTONONVA: HYPERTROPHIE DER META-FIKTION - Meta-Fiktion, Spiegel, tekst v tekste - Trudy i dni Svistonova - BAMBOC?ADA: DER VERSPIELTE ODER DER MUSEALE META-ROMAN? - Die Spiele im Text - Thematische Implikationen der Spiele im Text - Spiel im Metaroman: Vaginovs Textspiele - Sammeln und Spielen - Textmuseum und Textspiel 330 $aIm Mittelpunkt der vorliegenden Arbeit steht die Prosa des Leningrader Spa?tavantgardisten Konstantin Vaginov(1899- 1934). Ziel ist es, eine Begrifflichkeit und ein Konzept zu erarbeiten, mittels deren die spezielle Textsorte des spa?tavantgardistischen Meta-Romans Vaginovscher Pra?gung angemessen beschrieben werden kann. 517 $aMetafiktionale Roman 606 $aLiterature: history & criticism$2bicssc 610 $aavantgarde Literatur 610 $aBohnet 610 $ader kulturologische Roman 610 $aKonstantin 610 $ametafiktionale 610 $aMeta-Romane 610 $aMichail Bachtin 610 $aObériu 610 $aProsa 610 $aRoman 610 $aUntersuchungen 610 $aVaginovs 615 7$aLiterature: history & criticism 700 $aBohnet$b Christine$4aut$01282474 801 0$bPH02 801 1$bPH02 906 $aBOOK 912 $a9910563061403321 996 $aDer metafiktionale Roman$93018817 997 $aUNINA